LAW OF CONTEMPT OF COURT AND LEGISLATURE (Record no. 22452)

MARC details
000 -LEADER
fixed length control field 00352nam a22001577a 4500
003 - CONTROL NUMBER IDENTIFIER
control field SGT
020 ## - INTERNATIONAL STANDARD BOOK NUMBER
International Standard Book Number 9789388548137
082 ## - DEWEY DECIMAL CLASSIFICATION NUMBER
Classification number 345.54
Item number CHA
100 ## - MAIN ENTRY--PERSONAL NAME
Personal name CHAND , TEK
245 ## - TITLE STATEMENT
Title LAW OF CONTEMPT OF COURT AND LEGISLATURE
250 ## - EDITION STATEMENT
Edition statement 6
260 ## - PUBLICATION, DISTRIBUTION, ETC. (IMPRINT)
Name of publisher, distributor, etc LEXIS NEXIS
Year of Publication 2021
300 ## - PAGE DESCRIPTION
No. of Pages XCVIII ,971
653 ## - KEYWORDS--INDEX TERM
Keyword term CONTEMPT OF COURT
942 ## - ADDED ENTRY ELEMENTS (KOHA)
Source of classification or shelving scheme Dewey Decimal Classification
Koha item type Books
Holdings
Withdrawn status Lost status Source of classification or shelving scheme Damaged status Not for loan Collection code Home library Current library Shelving location Date acquired Vendor Name Cost, normal purchase price SGTU Bill Number Full call number Accession No. (Barcode) Date last seen Bill Date Koha item type Total Checkouts
    Dewey Decimal Classification   Not For Loan LAW SGT Science & Social Sciences Library SGT Science & Social Sciences Library Reference Book 05/03/2022 COMMERCIAL BOOK HOUSE 1895.00 SGTU IN/2808 345.54 CHA FL2703 05/03/2022 18/02/2022 Books  
    Dewey Decimal Classification     LAW SGT Science & Social Sciences Library SGT Science & Social Sciences Library Text Book 05/03/2022 COMMERCIAL BOOK HOUSE 1895.00 SGTU IN/2808 345.54 CHA FL2704 05/03/2022 18/02/2022 Books  
    Dewey Decimal Classification     LAW SGT Science & Social Sciences Library SGT Science & Social Sciences Library Text Book 05/03/2022 COMMERCIAL BOOK HOUSE 1895.00 SGTU IN/2808 345.54 CHA FL2705 05/03/2022 18/02/2022 Books